Mechanical transfer presses from Japan

Đã lưu trong:
Sonraí Bibleagrafaíochta
Formáid: Leabhar
Teanga:Undetermined
Foilsithe: Washington United States International Trade Commission 1989
Ábhair:
Clibeanna: Cuir Clib Leis
Gan Chlibeanna, Bí ar an gcéad duine leis an taifead seo a chlibeáil!
Thư viện lưu trữ: Trung tâm Học liệu Trường Đại học Cần Thơ
LEADER 00474nam a2200169Ia 4500
001 CTU_99640
008 210402s9999 xx 000 0 und d
082 |a 338.47 
082 |b M486 
245 0 |a Mechanical transfer presses from Japan 
260 |a Washington 
260 |b United States International Trade Commission 
260 |c 1989 
650 |a Machine-tool industry 
650 |z Japan 
904 |i Năm 
980 |a Trung tâm Học liệu Trường Đại học Cần Thơ